000 01022cab a2200229 4500
001 ABS38135
008 090401t1987 xxu||||| |||| 00| 0 eng d
035 _a(Sirsi) u8875
041 _aeng
100 _aBill, P.
245 _aBarnes storms another contract
260 _c1987
350 _a0
490 _aBuilding
_v252(38) 18 September 1987, 32-33(2)
520 _aA new form of civil engineering contract has been produced which, if accepted, could lead to a more flexible set of conditions than the present 5th edition of the ICE form of contract. This article reports on reactions so far from the industry, and whether the document stands a chance of being adopted by the industry.
650 _aBUILT ENVIRONMENT-QUANTITY SURVEYING-CIVIL ENGINEERING STANDARD METHOD OF MEASUREMENT
650 _aINSTITUTION OF CIVIL ENGINEERS
650 _aBUILT ENVIRONMENT-QUANTITY SURVEYING-STANDARD METHOD OF MEASUREMENT
690 _aBUILT ENVIRONMENT-BUILDING CONTRACT FORMS
942 _n0
948 _c04/03/1997
999 _c5495
_d5495